000 01298cad a22002535a 4500
001 E151526
008 101115s2010 xxk f 000 0 eng d
020 _a9781842196281
035 _a(Sirsi) u151526
041 0 _aeng
110 2 _aRoyal Institution of Chartered Surveyors
_94900
245 0 0 _aRights of light
_bpractical guidance for chartered surveyors in England and Wales
_h[old edition]
260 _aCoventry
_bRICS
_c2010
300 _aiv, 22p.
_bill.
_c30cm.
490 0 _aRICS Guidance Note
_vGN 66/2010
520 _aDeals with easements known as "rights of light" and the approach to be adopted by surveyors practising in this field. Looks at the different stages of a potential dispute and the processes that an RICS member could follow as an example of best practice. Also includes lists of further reading and online resources.
520 _aSuperseded by 2nd edition (ISBN 9781783211371).
520 _aARCHIVED 22 June 2016
590 _aKA
651 4 _aEngland and Wales
_y1543-
690 _aPROPERTY-PROPERTY MANAGEMENT-EASEMENTS-RIGHTS TO LIGHT DETERMINATION-RIGHTS TO LIGHT
856 4 1 _uhttps://www.isurv.com/download/downloads/id/2593/archive_rights_of_light_1st_edition_october_2010-june_2016.pdf
_zArchived on isurv (subscription required)
942 _n0
_2ddc
999 _c111422
_d111422